000 00607nam a2200169Ia 4500
005 20260601193249.0
008 260601s9999||||xx |||||||||||||| ||und||
020 _a978-3-031-61368-5
_qebk
100 _aSimone Agostinelli
245 0 _aGenerating Executable Robotic Process Automation Scripts from Unsegmented User Interface Logs
250 _a2024
260 _aHeidelberg, Germany
_bSpringer Nature
_c2024
440 _aLecture Notes in Business Information Processing
650 _aComputer Science
856 _uhttps://link.springer.com/openurl?genre=book&isbn=978-3-031-61368-5
942 _cEB
_2ddc
999 _c56669
_d56669